Ben 10 (Obca Potęga) Antagoniści - Statystyki

Ogólne statystyki
  • Ten quiz został rozwiązany 22 razy
  • Średni wynik to 39 z 102
Statystyki odpowiedzi
Odcinek Antagonista % Poprawnych
27."Zemsta Vilgaxa: część 1" | 40."Primus" | 42."Tajemnica Chromatona" | 46.Ostateczna Bitwa: Część 2" Vilgax
100%
35."Powrót Czarodziejki" Czarodziejka
83%
Czarodziejka (TH)
83%
16."Dobra kopia, Zła kopia" | 45."Ostateczna Bitwa: Część 1" Albedo
67%
Hex (TH)
67%
15."Darkstar" | 36."Coś za Coś" | 5."Nie Wszystko Złoto, co Się świeci" Michael Morningstar
67%
Skalny Potwór Kevin (TH)
67%
1."Ben 10 Powraca: Część 1" | 11."Pomocnicy Hydraulików" | 18."Niewidzialni" | +7 others UFOzbir
67%
Simian
56%
41."Na Satelicie" Ben Tennyson
44%
Księżniczka Attea
44%
Nadistota
44%
Robot-smok
44%
6."Gość na Molo" Statek
44%
9."Wizyta" Verdona Tennyson
44%
Doktor Animo
39%
30."Komornicy" | 38."Dziwna Skrzynka" Ośmiokąt Wredziak
39%
Prostokąt Wredziak
39%
33."Jednoręki" Szukacz
39%
Vulkanus
39%
Way Big
39%
39."Gniew" | 4."Dług Kevina" Argit
33%
Cash Murray
33%
28."Zemsta Vilgaxa: część 2" Chromaton
33%
37."Miasto Duchów" De'Szrama
33%
Plazma
33%
Psyphon
33%
Król Nadplemienia
28%
10."Rękawica" Techadon
28%
Pajęczarz
22%
43."Zemsta" Ragnarok
22%
Kraab
17%
Milleous
17%
23."W Nicości" Strażnicy Nicości
17%
Bioidy
11%
Królowa roju
11%
Nanochipy
11%
SiedemSiedem
11%
Skalne Potwory
11%
Dowódca Nadplemienia
6%
14."Razem, Ale Osobno" Dravek
6%
13."Obcy X" Frolic
6%
34."Gdy Wszystko Inne Zawiedzie" Nieustanny
6%
Patrick
6%
Ssserpent
6%
Ben 10: Alien Swarm Victor Validus
6%
Zamętor
6%
8."Rycerz" Connor
0%
32."Kupa Złota" Decka
0%
12."Paradox" Hugo
0%
Jarrett
0%
21."Statek" Joseph Chadwick
0%
Mr. Smoothy
0%
Raff
0%
Sang-Froid
0%
Sir Morton
0%
Xenocyt
0%
Nie znaleziono quizów pasujących do podanych kryteriów
Rozkład punktacji
Procent ludzi z każdym wynikiem
Percentyl według liczby udzielonych odpowiedzi
Twoja historia wyników
Nie rozwiązałeś tego quizu